Economy : UPSC - Statistics

General Stats
  • This quiz has been taken 7 times
  • The average score is 3 of 13
Answer Stats
Hint Answer % Correct
It is an interest bearing international reserve asset, which can be exchanged for freely usable currencies. It was created by the IMF in 1969. They are allocated to the member in proportion to their quota subscriptions. Value of this is based on a basket of five major currencies: Special
Drawing
Rights (SDR)
60%
It refers to buying some asset and simultaneously selling it in another market to take advantage of price differentials. Arbitrage
40%
Established in 1875 as the Native Share and Stockbrokers Association, today it is known as Bombay Stock exchange (BSE)
40%
Who presented the budget as Interim Government member Liaquat Ali Khan
40%
Who has the overall responsibility of SDGs implementation and align the govt schemes/ programs to SDGs. NITI Aayog
40%
This committee recommended the separation of railway budget from the general budget Acworth
20%
This law states : percentage of income allocated for food purchases falls as income rises. Engel
20%
Disinvestment Commission was set up in 1996 under the Ministry of _ (?) for three years under the Shri G. V. Ramakrishna along with four members Industries
20%
Yellow Revolution, launched in 1986-87, targets nine oilseeds that are groundnut, mustard, soybean, safflower, sesame, sunflower, niger, linseed, and castor. Who is known as the father of Yellow Revolution in India Sam Pitroda
20%
First introduced in 1989 on the recommendation of Vaghul committee, these are short term instruments issued by Commercial Banks and Special Financial Institutions ( SFIs), maturity period ranges from 91 days to one year. Certificates of Deposits
0%
It was coined by Joseph Schumpeter. It refers to the incessant product and process innovation mechanism by which new production units replace outdated ones. Creative destruction
0%
Which committee suggested to implement green GDP to govt of India Partha Dasgupta
0%
On the recommendation of this Commission in 2005, National Statistical Commission ( NSC) was set up Rangarajan
0%
No matching quizzes found
Score Distribution
Percent of People with Each Score
Percentile by Number Answered
Your Score History
You have not taken this quiz